Statistics for Title NOT in the Lyrics Quiz

Click here to take the quiz!

General Stats

  • This quiz has been taken 57,001 times
    (42,900 since last reset)
  • The average score is 10 of 24

Answer Stats

Musical Act / Song% Correct
Bohemian Rhapsody
94%
Queen
93%
Nirvana
62%
David Bowie
60%
Coldplay
59%
Smells Like Teen Spirit
59%
Viva la Vida
52%
Space Oddity
44%
The Rolling Stones
39%
Chumbawamba
37%
Gorillaz
37%
Tubthumping
35%
The Who
33%
Sympathy for the Devil
32%
The Beatles
31%
Clint Eastwood
29%
Led Zeppelin
28%
Baba O'Riley
26%
Black Dog
22%
A Day in the Life
21%
Blur
20%
Jefferson Airplane
19%
Song 2
19%
White Rabbit
19%

Score Distribution

Percentile by Number Answered

Percent of People with Each Score

Your Score History

You have not taken this quiz since the last reset